Analýza úmrtnosti populácie na Slovensku vo vzťahu k zákonom úmrtnosti diplomová práca

Uložené v:
Podrobná bibliografia
Hlavný autor: Pinka, Peter
Korporativný autor: Fakulta hospodárskej informatiky EU. Katedra matematiky a aktuárstva
Ďalší autori: Šoltésová, Tatiana, 1975-
Médium: Kniha
Jazyk:Slovak
Vydavateľské údaje: Bratislava 2016
Tagy: Pridať tag
Žiadne tagy, Buďte prvý, kto otaguje tento záznam!

MARC

LEADER 00000nbm a2200000 4500
001 0216929
005 20170214150607.5
041 0 |a slo 
044 |a SK 
245 1 0 |a Analýza úmrtnosti populácie na Slovensku vo vzťahu k zákonom úmrtnosti  |b diplomová práca  |c Peter Pinka ; školiteľ: Tatiana Šoltésová 
264 1 |a Bratislava  |c 2016 
300 |a 75 s. 
100 1 |a Pinka, Peter 
700 1 |a Šoltésová, Tatiana, 1975- 
710 2 |a Fakulta hospodárskej informatiky EU. Katedra matematiky a aktuárstva